Punto (Il)-Appunti per una semiotic a del teatro (Record n. 38522)
[ formato base ]
| 000 -LEADER | |
|---|---|
| fixed length control field | 01035nam a2200301Ia 4500 |
| 001 - CONTROL NUMBER | |
| control field | 15872 |
| 003 - CONTROL NUMBER IDENTIFIER | |
| control field | IT-RoPAU |
| 008 - FIXED-LENGTH DATA ELEMENTS--GENERAL INFORMATION | |
| fixed length control field | 130308s9999 xx 000 0 und d |
| 040 ## - CATALOGING SOURCE | |
| Original cataloging agency | IT-RoPAU |
| 040 ## - CATALOGING SOURCE | |
| Transcribing agency | IT-RoPAU |
| 041 ## - LANGUAGE CODE | |
| Language code of text/sound track or separate title | ITALIANO |
| 999 ## - SYSTEM CONTROL NUMBERS (KOHA) | |
| Koha Dewey Subclass [OBSOLETE] | SI |
| 100 ## - MAIN ENTRY--PERSONAL NAME | |
| Personal name | Bettetini Gianfranco |
| 100 ## - MAIN ENTRY--PERSONAL NAME | |
| Miscellaneous information | Codice Aut. SPICS: 9215 |
| 245 ## - TITLE STATEMENT | |
| Title | Punto (Il)-Appunti per una semiotic a del teatro |
| 245 ## - TITLE STATEMENT | |
| Remainder of title | Teatro e Comunicazione |
| 250 ## - EDITION STATEMENT | |
| Edition statement | 1a ed. |
| 260 ## - PUBLICATION, DISTRIBUTION, ETC. (IMPRINT) | |
| Place of publication, distribution, etc. | FIRENZE |
| 260 ## - PUBLICATION, DISTRIBUTION, ETC. (IMPRINT) | |
| Name of publisher, distributor, etc. | Guaraldi |
| 260 ## - PUBLICATION, DISTRIBUTION, ETC. (IMPRINT) | |
| Date of publication, distribution, etc. | 1977 [1° Ed.:1977 - Ed.Ling.Originale:1977] |
| 300 ## - PHYSICAL DESCRIPTION | |
| Extent | "24 p. (prefazione: no ; testo: 24 [pagine: 9-32])" |
| 500 ## - GENERAL NOTE | |
| General note | Liceità dell'approccio Semiotico al Teatro metodologie a carattere Induttivo e Deduttivo Problemi Teorici e tecnici della Trascrizione grafica Semiotica e Teatro di Ricerca Pluricodicità e Struttura Testuale testo Drammatico scritto Evento Teatrale e Il suo Tempo |
| 650 ## - SUBJECT ADDED ENTRY--TOPICAL TERM | |
| Topical term or geographic name as entry element | BIBLIOGRAFIA |
| 650 ## - SUBJECT ADDED ENTRY--TOPICAL TERM | |
| Relator term | Codice materia Spics: 2001 |
| 942 ## - ADDED ENTRY ELEMENTS (KOHA) | |
| Koha item type | LIBRO |
| 957 ## - | |
| -- | 1 |
| 999 ## - SYSTEM CONTROL NUMBERS (KOHA) | |
| -- | 1 |
| Withdrawn status | Lost status | Damaged status | Not for loan | Home library | Current library | Date acquired | Total Checkouts | Full call number | Date last seen | Price effective from | Koha item type | Public note |
|---|---|---|---|---|---|---|---|---|---|---|---|---|
| Buone Condizioni | Not For Loan | SPICS-MEDIATECA | SPICS-MEDIATECA | 08/03/2013 | 15872 | 08/03/2013 | 08/03/2013 | LIBRO | Progressivo inserimento: 599 / N. Volumi: 0 [=Contributo] Copie: 1 Copia Rara: SI / data import: 1 marzo 2013 - By Epidotti, Trombetti, Vaglietti. |